000 00239nam a2200085Ia 4500
008 170620s9999 xx 000 0 und d
100 _aRather- A. R.
245 0 _aPsychology of Learning and Development
260 _bNew Delhi- Discovery Publishing House
260 _c2006
999 _c24516
_d24516